000
00242nam a22000857a 4500
008
160716b xxu||||| |||| 00| 0 eng d
100
_9
2932
_a
Dutta, S
245
_a
Four Stories from the Mahabharatha
260
_a
New Delhi
_b
Orient Publication
_c
2002
999
_c
2497
_d
2497